[Event "SUI-chT"]
[Site "Switzerland"]
[Date "2016.06.11"]
[Round "4.5"]
[White "Kurmann, Oliver"]
[Black "Egle, Stefan"]
[Result "1/2-1/2"]
[WhiteElo "2426"]
[BlackElo "2185"]
[PlyCount "130"]
[EventDate "2016.03.20"]
[EventType "team-tourn"]
[EventRounds "9"]
[EventCountry "SUI"]
[SourceTitle "EXT 2017"]
[Source "ChessBase"]
[SourceDate "2016.10.25"]
[SourceVersion "1"]
[SourceVersionDate "2016.10.25"]
[SourceQuality "1"]
[WhiteTeam "Luzern"]
[BlackTeam "Bodan"]
[WhiteTeamCountry "SUI"]
[BlackTeamCountry "SUI"]

1. e4 e5 2. Nf3 Nf6 3. d4 Nxe4 4. Bd3 d5 5. Nxe5 Nd7 6. Nxd7 Bxd7 7. 0-0 Qf6 8. Nc3 Nxc3 9. bxc3 Be7 10. Rb1 0-0-0 11. c4 dxc4 12. Bxc4 Be6 13. Bxe6+ Qxe6 14. c3 Bf6 15. Qa4 a6 16. Be3 Rhe8 17. Rfd1 Re7 18. Qb4 b6 19. h3 a5 20. Qa4 Qe4 21. Rb2 Rd6 22. Rbd2 Bh4 23. Qc2 Rg6 24. Qxe4 Rxe4 25. c4 f5 26. Rd3 Bg5 27. Bxg5 Rxg5 28. Re3 Rxe3 29. fxe3 Rg6 30. a4 Rc6 31. Rc1 Re6 32. Kf2 Re4 33. c5 Kd7 34. Kf3 h5 35. g3 g6 36. Rc3 Re6 37. Kf4 Re4+ 38. Kg5 bxc5 39. dxc5 Re6 40. c6+ Kd6 41. Rb3 Kxc6 42. Rb5 Rxe3 43. Kxg6 Rxg3+ 44. Kxh5 Rxh3+ 45. Kg5 Rc3 46. Rxa5 Rc5 47. Ra6+ Kb7 48. Rf6 Ra5 49. Kf4 Rxa4+ 50. Kxf5 Rd4 51. Ke5 Rd8 52. Rh6 c6 53. Rh1 Rd5+ 54. Ke4 Kb6 55. Rb1+ Rb5 56. Rc1 Rb4+ 57. Kd3 Kb5 58. Rh1 Ra4 59. Kc2 Ra3 60. Rh4 c5 61. Rg4 Ra2+ 62. Kb3 Ra8 63. Rh4 c4+ 64. Rxc4 Ra3+ 65. Kxa3 Kxc4 1/2-1/2

[Event "Schwarzach op 28th"]
[Site "Schwarzach"]
[Date "2013.08.22"]
[Round "7"]
[White "Egle, Stefan"]
[Black "Berchtenbreiter, Maximilian"]
[Result "0-1"]
[WhiteElo "2195"]
[BlackElo "2405"]
[PlyCount "82"]
[EventDate "2013.08.17"]
[EventType "swiss"]
[EventRounds "9"]
[EventCountry "AUT"]
[SourceTitle "CBM 156 Extra"]
[Source "ChessBase"]
[SourceDate "2013.10.22"]
[SourceVersion "1"]
[SourceVersionDate "2013.10.22"]
[SourceQuality "1"]

1. d4 Nf6 2. Nf3 e6 3. e3 c5 4. Bd3 Nc6 5. c3 Be7 6. 0-0 0-0 7. Nbd2 b6 8. Qe2 Bb7 9. Re1 d5 10. h3 Re8 11. dxc5 bxc5 12. e4 Qc7 13. e5 Nd7 14. Nf1 f6 15. exf6 Bxf6 16. Ne3 Nce5 17. Nxe5 Nxe5 18. Bb5 Re7 19. Ng4 Nxg4 20. Qxg4 e5 21. Bg5 Rf8 22. Rad1 Qb6 23. Bd3 c4 24. Be3 Qxb2 25. Bf5 Qb5 26. Bxa7 Qa5 27. Be3 e4 28. Bd4 Bxd4 29. cxd4 Qb6 30. Bxh7+ Kf7 31. Rb1 Qf6 32. Bf5 g6 33. Bd7 Kg7 34. Re2 Ba6 35. Rd1 c3 36. Rc2 Bd3 37. Rxc3 Qxf2+ 38. Kh2 Be2 39. Rd2 Bxg4 40. Rxf2 Bxd7 41. Re2 Bb5 0-1

[Event "Schwarzach op 28th"]
[Site "Schwarzach"]
[Date "2013.08.17"]
[Round "1"]
[White "Egle, Stefan"]
[Black "Palac, Mladen"]
[Result "0-1"]
[WhiteElo "2195"]
[BlackElo "2561"]
[PlyCount "44"]
[EventDate "2013.08.17"]
[EventType "swiss"]
[EventRounds "9"]
[EventCountry "AUT"]
[SourceTitle "CBM 156 Extra"]
[Source "ChessBase"]
[SourceDate "2013.10.22"]
[SourceVersion "1"]
[SourceVersionDate "2013.10.22"]
[SourceQuality "1"]

1. d4 Nf6 2. c4 e6 3. Nc3 Bb4 4. Qc2 0-0 5. Bg5 c5 6. dxc5 Na6 7. a3 Bxc3+ 8. Qxc3 Nxc5 9. f3 Nfe4 10. Bxd8 Nxc3 11. Be7 Nb3 12. Bxf8 Kxf8 13. Rd1 Nxd1 14. Kxd1 b6 15. Kc2 Na5 16. b3 d5 17. cxd5 exd5 18. e4 dxe4 19. fxe4 Bb7 20. Bd3 Rc8+ 21. Kb2 Rd8 22. Kc3 Nxb3 0-1

[Event "Neckar op-A 17th"]
[Site "Deizisau"]
[Date "2013.03.29"]
[Round "2"]
[White "Egle, Stefan"]
[Black "Milov, Leonid"]
[Result "1-0"]
[WhiteElo "2117"]
[BlackElo "2528"]
[PlyCount "88"]
[EventDate "2013.03.28"]
[EventType "swiss"]
[EventRounds "9"]
[EventCountry "GER"]
[SourceTitle "CBM 153 Extra"]
[Source "ChessBase"]
[SourceDate "2013.04.22"]
[SourceVersion "1"]
[SourceVersionDate "2013.04.22"]
[SourceQuality "1"]

1. d4 Nf6 2. c4 c5 3. d5 a6 4. Nc3 b5 5. Bg5 b4 6. Na4 d6 7. b3 g6 8. f3 Bg7 9. Qc1 h6 10. Bd2 a5 11. Nb2 e6 12. e4 Qe7 13. Ne2 Nbd7 14. dxe6 Qxe6 15. Nf4 Qe5 16. Nbd3 Qe7 17. Be2 0-0 18. Nf2 a4 19. Rb1 axb3 20. axb3 Ne5 21. 0-0 Nc6 22. N4d3 Kh7 23. Be3 Nd7 24. f4 Bb7 25. Bf3 Nd4 26. Bxd4 Bxd4 27. Re1 Ra2 28. Qd1 Re8 29. e5 Bxf3 30. Qxf3 dxe5 31. Kh1 Kg7 32. f5 gxf5 33. Qxf5 Qe6 34. Qf3 Nf6 35. Ne4 Nxe4 36. Qxe4 Qg6 37. Qf3 Re6 38. Qh3 Rf6 39. Rf1 Rxf1+ 40. Rxf1 Rd2 41. Ne1 e4 42. g3 e3 43. Rf4 Qc6+ 44. Nf3 e2 1-0

[Event "Schwarzach op 27th"]
[Site "Schwarzach"]
[Date "2012.08.26"]
[Round "9"]
[White "Danner, Georg"]
[Black "Egle, Stefan"]
[Result "1-0"]
[WhiteElo "2374"]
[BlackElo "2214"]
[PlyCount "95"]
[EventDate "2012.08.18"]
[EventType "swiss"]
[EventRounds "9"]
[EventCountry "AUT"]
[SourceTitle "CBM 150 Extra"]
[Source "ChessBase"]
[SourceDate "2012.10.19"]
[SourceVersion "1"]
[SourceVersionDate "2012.10.19"]
[SourceQuality "1"]

1. d4 Nf6 2. Nf3 g6 3. c4 Bg7 4. Nc3 d5 5. cxd5 Nxd5 6. e4 Nxc3 7. bxc3 c5 8. Be3 Qa5 9. Nd2 cxd4 10. Nc4 Qd8 11. cxd4 0-0 12. Qd2 Nc6 13. Rd1 e6 14. Be2 b5 15. Na3 a6 16. 0-0 Qa5 17. Qxa5 Nxa5 18. d5 Bd7 19. Bb6 Bb2 20. Bxa5 Bxa3 21. Rd3 Bc5 22. Rc1 Rac8 23. Kf1 f5 24. e5 Be7 25. Rxc8 Rxc8 26. d6 Bg5 27. Bc7 Bf4 28. Bf3 Bxe5 29. Bb7 Re8 30. g3 b4 31. Bxa6 Ra8 32. Bc4 Kf7 33. f4 Bc3 34. Ke2 Ra3 35. Kd1 Ra8 36. Kc1 Kf6 37. Re3 h6 38. Kd1 g5 39. Ke2 Rg8 40. Rf3 Bd4 41. a3 bxa3 42. Rxa3 Re8 43. Kd3 e5 44. Ra5 gxf4 45. gxf4 Bc6 46. Bb5 Be4+ 47. Kc4 Rc8 48. Ba6 1-0

[Event "Schwarzach op 26th"]
[Site "Schwarzach"]
[Date "2011.08.26"]
[Round "7"]
[White "Kovacevic, Blazimir"]
[Black "Egle, Stefan"]
[Result "1/2-1/2"]
[WhiteElo "2480"]
[BlackElo "2179"]
[PlyCount "170"]
[EventDate "2011.08.20"]
[EventType "swiss"]
[EventRounds "9"]
[EventCountry "AUT"]
[SourceTitle "CBM 144 Extra"]
[Source "ChessBase"]
[SourceDate "2011.10.28"]
[SourceVersion "1"]
[SourceVersionDate "2011.10.28"]
[SourceQuality "1"]

1. c4 Nf6 2. Nc3 e6 3. d4 d5 4. cxd5 exd5 5. Bg5 Bb4 6. e3 h6 7. Bxf6 Bxc3+ 8. bxc3 Qxf6 9. Qb3 c6 10. Nf3 0-0 11. Be2 Nd7 12. 0-0 Re8 13. a4 Nf8 14. Rfc1 Ng6 15. a5 Re7 16. c4 dxc4 17. Qxc4 Be6 18. Qc2 Bd5 19. Ne1 Rae8 20. Bf3 Nh4 21. Bxd5 cxd5 22. Qd1 Qg5 23. Ra3 Re6 24. g3 Nf5 25. Ng2 Rc6 26. Rxc6 bxc6 27. Rb3 Nd6 28. Nf4 Qd8 29. Qa1 Qc8 30. Nd3 Ne4 31. a6 c5 32. dxc5 Nxc5 33. Rc3 Qxa6 34. Qxa6 Nxa6 35. Ra3 Re6 36. Nf4 Rd6 37. Ne2 Rb6 38. Nd4 g6 39. Ra5 Nb4 40. Rxa7 Nc6 41. Ra8+ Rb8 42. Rxb8+ Nxb8 43. Kf1 Kf8 44. Ke2 Ke7 45. Kd3 Kd6 46. h4 h5 47. Nf3 Nc6 48. Ng5 f6 49. Nh3 Ne5+ 50. Kc3 Nf3 51. Nf4 g5 52. hxg5 fxg5 53. Nxh5 Ke5 54. Kd3 d4 55. exd4+ Nxd4 56. Nf6 Ne6 57. Ng4+ Kf5 58. f3 Ng7 59. Kd4 Ne6+ 60. Ke3 Ng7 61. Nf2 Ne6 62. Nd3 g4 63. f4 Ng7 64. Nc1 Nh5 65. Ne2 Nf6 66. Nd4+ Kg6 67. Ne2 Kf5 68. Nc3 Nh5 69. Ne4 Ng7 70. Nd6+ Ke6 71. Nb5 Nf5+ 72. Kf2 Kd5 73. Nc7+ Kd6 74. Na6 Kd5 75. Nb4+ Kc4 76. Nc6 Kd5 77. Ne5 Nh6 78. Ng6 Ke4 79. Ne7 Kd4 80. Ng6 Ke4 81. Nh4 Ng8 82. Ng2 Nf6 83. Ne3 Nh5 84. Nxg4 Nxf4 85. gxf4 Kxf4 1/2-1/2

[Event "Staufer op 23rd"]
[Site "Leinzell"]
[Date "2011.01.05"]
[Round "8"]
[White "Benes, Petr1111"]
[Black "Egle, Stefan"]
[Result "0-1"]
[WhiteElo "2119"]
[BlackElo "2198"]
[PlyCount "68"]
[EventDate "2011.01.02"]
[EventType "swiss"]
[EventRounds "9"]
[EventCountry "GER"]
[SourceTitle "CBM 140 Extra"]
[Source "ChessBase"]
[SourceDate "2011.03.01"]
[SourceVersion "1"]
[SourceVersionDate "2011.03.01"]
[SourceQuality "1"]

1. c4 Nf6 2. Nf3 e6 3. d4 d5 4. Nc3 c6 5. e3 Nbd7 6. Qc2 Bd6 7. Bd2 Qe7 8. Rc1 0-0 9. Be2 dxc4 10. Bxc4 e5 11. Bb3 exd4 12. Nxd4 Nc5 13. Bc4 Nce4 14. f3 Nxd2 15. Qxd2 Re8 16. Kf2 Bd7 17. h4 Rad8 18. Rcd1 c5 19. Nb3 Be6 20. Bxe6 Bg3+ 21. Kxg3 Nh5+ 22. Kf2 Rxd2+ 23. Rxd2 Qxe6 24. Nd5 c4 25. Nc5 Qc6 26. Ne4 f5 27. Nec3 Qc5 28. Rd4 f4 29. Rhd1 fxe3+ 30. Nxe3 Nf4 31. Ne4 Qe7 32. Nf5 Qe5 33. Neg3 Nd3+ 34. Kf1 Qe1+ 0-1

[Event "Schwarzach op 25th"]
[Site "Schwarzach"]
[Date "2010.08.24"]
[Round "4"]
[White "Egle, Stefan"]
[Black "Wohl, Aleksandar H"]
[Result "0-1"]
[WhiteElo "2205"]
[BlackElo "2375"]
[PlyCount "144"]
[EventDate "2010.08.21"]
[EventType "swiss"]
[EventRounds "9"]
[EventCountry "AUT"]
[SourceTitle "CBM 138 Extra"]
[Source "ChessBase"]
[SourceDate "2010.10.29"]
[SourceVersion "1"]
[SourceVersionDate "2010.10.29"]
[SourceQuality "1"]

1. d4 Nf6 2. Nf3 e6 3. c4 Bb4+ 4. Bd2 a5 5. g3 Ne4 6. Bxb4 axb4 7. Nbd2 f5 8. Bg2 0-0 9. 0-0 Nf6 10. Nb3 d6 11. d5 e5 12. Ng5 Qe8 13. Qd2 h6 14. Ne6 Bxe6 15. dxe6 Nc6 16. Bd5 Kh8 17. f4 e4 18. Bxc6 bxc6 19. Nd4 c5 20. Nxf5 Qxe6 21. Ne3 c6 22. Qc2 Rac8 23. Ng2 Qh3 24. Nh4 Kh7 25. Rad1 Rce8 26. e3 Ng4 27. Qe2 Rf6 28. Qg2 Qxg2+ 29. Nxg2 h5 30. Rd2 Ra8 31. Ra1 Kg8 32. a4 Kf7 33. h3 Nh6 34. b3 Rg6 35. Kh2 Ke7 36. Nh4 Rf6 37. Rf1 g5 38. Ng2 g4 39. Nh4 gxh3 40. Kxh3 Rd8 41. f5 Kd7 42. Rf4 Re8 43. Rc2 Kc7 44. Rc1 Re5 45. Rc2 Nf7 46. Rc1 Ng5+ 47. Kg2 Rf7 48. Rc2 Re8 49. Rc1 Nh7 50. g4 hxg4 51. Rxg4 Nf6 52. Rg5 Nd7 53. Ng6 Rg8 54. Kh3 Rh7+ 55. Kg4 Nf6+ 56. Kf4 Rh3 57. Rf1 Re8 58. Rg2 Rh5 59. Rg5 Rh7 60. Rg2 d5 61. Kg5 Rf7 62. Rh2 d4 63. Rh8 d3 64. Rxe8 Nxe8 65. f6 Rxf6 66. Nf4 Kd6 67. Rf2 Rf7 68. Kh6 Rf8 69. Kg6 Kd7 70. Rh2 Rxf4 71. exf4 e3 72. Rh7+ Kd8 0-1

[Event "SUI-chT"]
[Site "Switzerland"]
[Date "2009.10.17"]
[Round "8.7"]
[White "Loetscher, Roland"]
[Black "Egle, Stefan"]
[Result "1-0"]
[WhiteElo "2356"]
[BlackElo "2144"]
[PlyCount "207"]
[EventDate "2009.02.22"]
[EventType "team-tourn"]
[EventRounds "9"]
[EventCountry "SUI"]
[SourceTitle "EXT 2011"]
[Source "ChessBase"]
[SourceDate "2010.11.26"]
[SourceVersion "1"]
[SourceVersionDate "2010.11.26"]
[SourceQuality "1"]
[WhiteTeam "Luzern"]
[BlackTeam "Bodan"]
[WhiteTeamCountry "SUI"]
[BlackTeamCountry "SUI"]

1. d4 Nf6 2. c4 e6 3. g3 d5 4. Bg2 Be7 5. Nf3 0-0 6. 0-0 dxc4 7. Qc2 a6 8. Qxc4 b5 9. Qc2 Bb7 10. Bd2 Nc6 11. e3 Ra7 12. Rc1 Qa8 13. Ne1 Nb4 14. Bxb4 Bxb4 15. Bxb7 Qxb7 16. Nd3 Bd6 17. Qc6 Qxc6 18. Rxc6 Nd7 19. a4 Rfa8 20. Nd2 Kf8 21. f4 bxa4 22. Rxa4 a5 23. Kf2 Nb6 24. Ra1 a4 25. Ne4 Nc8 26. Nxd6 Ne7 27. Nb5 Nxc6 28. Nxa7 Rxa7 29. Nc5 Ra5 30. Rxa4 Rb5 31. b3 Na5 32. b4 Nb7 33. Ra8+ Ke7 34. Rb8 Nd6 35. Rxb5 Nxb5 36. g4 f5 37. h3 g6 38. Ke2 Nc3+ 39. Kf3 Nd5 40. Nd3 fxg4+ 41. hxg4 h5 42. g5 Kf7 43. e4 Nc3 44. Ke3 h4 45. Kf3 Kg7 46. Nc5 Kf7 47. Kg4 Ne2 48. Kxh4 Nxf4 49. Na6 e5 50. Kg4 Nd3 51. d5 Ke7 52. Nxc7 Nxb4 53. Nb5 Nd3 54. Kf3 Nf4 55. Kg4 Nd3 56. Kg3 Kd7 57. Kf3 Nf4 58. Kg3 Nd3 59. Nc3 Kd6 60. Ne2 Kc5 61. Kf3 Kd6 62. Ke3 Nb2 63. Ng1 Nd1+ 64. Ke2 Nc3+ 65. Kd3 Nd1 66. Nf3 Nf2+ 67. Ke3 Nd1+ 68. Ke2 Nc3+ 69. Kd3 Nd1 70. Kd2 Nf2 71. Ke3 Nd1+ 72. Ke2 Nc3+ 73. Kd3 Nd1 74. Nh4 Nf2+ 75. Ke3 Nh3 76. Nf3 Nf4 77. Kf2 Nd3+ 78. Kg3 Nf4 79. Nh4 Nh5+ 80. Kf3 Nf4 81. Ng2 Nh3 82. Kg4 Nf2+ 83. Kf3 Nh3 84. Ke3 Nxg5 85. Nh4 Ke7 86. Nxg6+ Kf6 87. Nh4 Ke7 88. Nf3 Nf7 89. Kd3 Kf6 90. Nd2 Nd6 91. Nc4 Nb5 92. Kd2 Nd4 93. Kc3 Nf3 94. Kb4 Ng5 95. Nd2 Ke7 96. Kc5 Kd7 97. d6 Nf7 98. Nc4 Nd8 99. Nxe5+ Ke6 100. Nc4 Nb7+ 101. Kc6 Nd8+ 102. Kc7 Nf7 103. d7 Ke7 104. Nd6 1-0

[Event "Schwarzach op-A"]
[Site "Schwarzach"]
[Date "2009.08.20"]
[Round "6"]
[White "Wegerer, Josef"]
[Black "Egle, Stefan"]
[Result "0-1"]
[WhiteElo "2063"]
[BlackElo "2153"]
[PlyCount "94"]
[EventDate "2009.08.15"]
[EventType "swiss"]
[EventRounds "9"]
[EventCountry "AUT"]
[SourceTitle "CBM 132 Extra"]
[Source "ChessBase"]
[SourceDate "2009.11.03"]
[SourceVersion "1"]
[SourceVersionDate "2009.11.03"]
[SourceQuality "1"]

1. e4 c5 2. Nf3 d6 3. Bb5+ Nd7 4. d4 cxd4 5. Qxd4 a6 6. Bc4 Ngf6 7. Ng5 Ne5 8. Bb3 h6 9. Nf3 Nxf3+ 10. gxf3 e5 11. Qd3 Be6 12. Nc3 Be7 13. Be3 Rc8 14. 0-0-0 Qc7 15. Rd2 Bc4 16. Bxc4 Qxc4 17. Qxc4 Rxc4 18. Nd5 Nxd5 19. Rxd5 Kd7 20. Kb1 Ke6 21. b3 Rc3 22. Rhd1 Rhc8 23. R1d2 g5 24. R5d3 R3c6 25. c4 Bd8 26. Rd5 Be7 27. Rd1 Rf8 28. Rg1 f5 29. Rdd1 Bd8 30. Rg2 Ba5 31. h4 f4 32. Bd2 Bxd2 33. Rxd2 gxh4 34. Rd1 Rf6 35. Rh1 b5 36. cxb5 axb5 37. Kb2 b4 38. a3 bxa3+ 39. Kxa3 Rc3 40. Rh3 d5 41. exd5+ Kxd5 42. Rg8 Rb6 43. Ka4 Rcxb3 44. Rd8+ Kc4 45. Rc8+ Kd3 46. Rxh4 Rb1 47. Ka5 R6b2 0-1

[Event "Schwarzach op"]
[Site "Schwarzach"]
[Date "2005.08.??"]
[Round "4"]
[White "Dietmayer Kraeutler, Marco"]
[Black "Egle, Stefan"]
[Result "1-0"]
[WhiteElo "2213"]
[BlackElo "2116"]
[PlyCount "61"]
[EventDate "2005.08.??"]
[EventType "swiss"]
[EventRounds "9"]
[EventCountry "AUT"]
[SourceTitle "EXT 2007"]
[Source "ChessBase"]
[SourceDate "2006.11.23"]
[SourceVersion "1"]
[SourceVersionDate "2006.11.23"]
[SourceQuality "1"]

1. d4 d5 2. Nf3 Nc6 3. Bf4 Bf5 4. e3 e6 5. Bb5 Nge7 6. Nh4 Ng6 7. Nxf5 exf5 8. Bg3 Bd6 9. Qf3 f4 10. exf4 0-0 11. c3 Qf6 12. f5 Rae8+ 13. Be2 Qg5 14. Nd2 Nf4 15. Bxf4 Bxf4 16. 0-0-0 Qxf5 17. g3 Re6 18. gxf4 Nxd4 19. Bd3 Nxf3 20. Bxf5 Nxd2 21. Bxe6 Ne4 22. Bxd5 Nxf2 23. Bxb7 h5 24. Bf3 h4 25. Rhg1 Nxd1 26. Kxd1 Re8 27. Rg4 Re3 28. Be2 Rh3 29. Rg2 Kf8 30. Kd2 f5 31. Rf2 1-0

[Event "Baden-Baden op"]
[Site "Baden-Baden"]
[Date "2002.??.??"]
[Round "4"]
[White "Egle, Stefan"]
[Black "Reefschlaeger, Helmut"]
[Result "0-1"]
[WhiteElo "2046"]
[BlackElo "2326"]
[PlyCount "88"]
[EventDate "2002.05.09"]
[EventType "swiss"]
[EventRounds "7"]
[EventCountry "GER"]
[SourceTitle "CBM 088 Extra"]
[Source "ChessBase"]
[SourceDate "2002.07.01"]
[SourceVersion "2"]
[SourceVersionDate "2002.07.01"]
[SourceQuality "1"]

1. e4 e6 2. d4 d5 3. Nd2 Nf6 4. e5 Nfd7 5. Bd3 c5 6. c3 Nc6 7. Ne2 a5 8. 0-0 cxd4 9. cxd4 Nb6 10. Nf3 Be7 11. Bd2 Nb4 12. Bb1 a4 13. Nf4 g6 14. Nd3 Nxd3 15. Bxd3 Nc4 16. Bxc4 dxc4 17. Bh6 b5 18. Qd2 Bb7 19. Ng5 Qd5 20. f3 Rd8 21. Rad1 Bxg5 22. Bxg5 Ra8 23. Bf6 Rf8 24. Bg7 Rg8 25. Qh6 a3 26. bxa3 Kd7 27. Qxh7 Kc7 28. Bf6 Qd7 29. Qh4 Rxa3 30. Qf2 Rga8 31. Rd2 Bd5 32. Rb2 c3 33. Rc1 Kb6 34. Rb4 Ka5 35. Rcb1 Bc4 36. d5 Qa7 37. Bd8+ Ka6 38. Bb6 Qxb6 39. Qxb6+ Kxb6 40. Rxc4 exd5 41. Rd4 c2 42. Rc1 Rxa2 43. Rd2 Rc8 44. Rxd5 Rb2 0-1